Bevölkerungs- und Wirtschaftsentwicklung in den mittel- und osteuropäischen Ländern (MOEL) (Record no. 8975)
[ view plain ]
| 000 -LEADER | |
|---|---|
| fixed length control field | 04634nam a22004937u 4500 |
| 001 - CONTROL NUMBER | |
| control field | pwiiw6348 |
| 003 - CONTROL NUMBER IDENTIFIER | |
| control field | OSt |
| 005 - DATE AND TIME OF LATEST TRANSACTION | |
| control field | 20260516120049.0 |
| 008 - FIXED-LENGTH DATA ELEMENTS--GENERAL INFORMATION | |
| fixed length control field | 220927t2022 au ||||| |||||||| ||ger d |
| 040 ## - CATALOGING SOURCE | |
| Transcribing agency | OSt |
| 041 ## - LANGUAGE CODE | |
| Language code of text/sound track or separate title | ger |
| 084 ## - OTHER CLASSIFICATION NUMBER | |
| Classification number | J11 |
| -- | J31 |
| -- | J61 |
| -- | J64 |
| -- | O50 |
| Number source | jelc |
| 100 1# - MAIN ENTRY--PERSONAL NAME | |
| Personal name | Astrov, Vasily |
| 245 10 - TITLE STATEMENT | |
| Title | Bevölkerungs- und Wirtschaftsentwicklung in den mittel- und osteuropäischen Ländern (MOEL) |
| 260 ## - PUBLICATION, DISTRIBUTION, ETC. | |
| Place of publication, distribution, etc. | Wien : |
| Name of publisher, distributor, etc. | Wiener Institut für Internationale Wirtschaftsvergleiche (wiiw), |
| Date of publication, distribution, etc. | 2022. |
| 300 ## - PHYSICAL DESCRIPTION | |
| Extent | 92 S., |
| Other physical details | 78 Tables, 38 Figures and 8 Maps, |
| Dimensions | 30cm. |
| 490 1# - SERIES STATEMENT | |
| Series statement | wiiw Research Reports in German Language |
| Volume/sequential designation | 21 |
| 520 ## - SUMMARY, ETC. | |
| Summary, etc. | Bevölkerungs- und Wirtschaftsentwicklung in den mittel- und osteuropäischen Ländern (MOEL)<br/><br/>This publication is available in German language only.<br/><br/>For a brief English summary see further below.<br/><br/>Die Zuwanderung aus den mittel- und osteuropäischen EU-Ländern (MOEL) hat maßgeblich zum Bevölkerungswachstum Österreichs und Wiens beigetragen. Die Studie liefert eine Einschätzung des aktuellen und zukünftigen Migrationspotenzials nach Österreich und Wien aus den MOEL und drei Westbalkanländern Bosnien-Herzegowina, Nordmazedonien und Serbien. Nach einem coronabedingten Einbruch im Jahr 2020 konnten die MOEL und die Westbalkanländer bereits 2021 wieder einen zum Teil kräftigen Wirtschaftsaufschwung verzeichnen, was sich auch in einer günstigen Arbeitsmarktsituation widerspiegelte, bzw. den Arbeitskräfte- und Fachkräftemangel verstärkte. Angesichts des Krieges in der Ukraine sind die Prognosen für 2022 und die Folgejahre mit einem hohen Risiko behaftet. Mittelfristig kann jedoch eine Abschwächung der bestehenden Migrationsströme aus den MOEL und den drei Westbalkanländern nach Österreich und Wien erwartet werden. Abgesehen von der positiven Entwicklung der Arbeitsmärkte, weisen die demographischen Szenarien auf ein teilweise starkes Schrumpfen der Gesamtbevölkerung und den damit einhergehenden Rückgang der Erwerbsbevölkerung in den untersuchten Regionen hin. Ferner ist im Verlauf der nächsten Jahre keine weitere Öffnung des österreichischen Arbeitsmarktes zu erwarten. Eine Verschiebung der regionalen Struktur der Migrationsströme in Hinblick auf die österreichischen Bundesländer ist aus heutiger Sicht unwahrscheinlich.<br/><br/>Population trends and economic development in Central and East European countries<br/><br/>Immigration from Central and Eastern European EU countries (CEEC) has contributed significantly to the population growth of Austria and Vienna. The study provides an assessment of the current and future migration potential to Austria and Vienna from the CEECs and three Western Balkan countries - Bosnia and Herzegovina, Northern Macedonia and Serbia. After a corona-related slump in 2020, the CEECs and the Western Balkan countries were able to record a (strong) economic upswing again as early as 2021, which was also reflected in a favourable labour market outcome and increased labour and skilled labour shortages. In view of the war in Ukraine, forecasts for 2022 and subsequent years are subject to a high degree of risk. In the medium term, however, the existing migration flows from CEE and the three Western Balkan countries to Austria and Vienna can be expected to weaken. Apart from the positive labour market developments, the demographic scenarios point to a partly strong shrinkage of the total population and the accompanying decline in the labour force in the countries under consideration. Furthermore, no further opening of the Austrian labour market is expected in the course of the next few years. From today's perspective, a shift in the regional structure of migration flows with regard to the Austrian federal provinces is unlikely.<br/> |
| 650 ## - SUBJECT ADDED ENTRY--TOPICAL TERM | |
| Topical term or geographic name entry element | Demographie |
| 650 ## - SUBJECT ADDED ENTRY--TOPICAL TERM | |
| Topical term or geographic name entry element | regionale Entwicklung |
| 650 ## - SUBJECT ADDED ENTRY--TOPICAL TERM | |
| Topical term or geographic name entry element | Arbeitsmarkt |
| 650 ## - SUBJECT ADDED ENTRY--TOPICAL TERM | |
| Topical term or geographic name entry element | Migration |
| 650 ## - SUBJECT ADDED ENTRY--TOPICAL TERM | |
| Topical term or geographic name entry element | demography |
| 650 ## - SUBJECT ADDED ENTRY--TOPICAL TERM | |
| Topical term or geographic name entry element | regional development |
| 650 ## - SUBJECT ADDED ENTRY--TOPICAL TERM | |
| Topical term or geographic name entry element | labour market |
| 650 ## - SUBJECT ADDED ENTRY--TOPICAL TERM | |
| Topical term or geographic name entry element | migration |
| 651 ## - SUBJECT ADDED ENTRY--GEOGRAPHIC NAME | |
| Geographic name | Austria |
| 651 ## - SUBJECT ADDED ENTRY--GEOGRAPHIC NAME | |
| Geographic name | Bosnia and Herzegovina |
| 651 ## - SUBJECT ADDED ENTRY--GEOGRAPHIC NAME | |
| Geographic name | New EU Member States |
| 651 ## - SUBJECT ADDED ENTRY--GEOGRAPHIC NAME | |
| Geographic name | North Macedonia |
| 651 ## - SUBJECT ADDED ENTRY--GEOGRAPHIC NAME | |
| Geographic name | Serbia |
| 690 ## - LOCAL SUBJECT ADDED ENTRY--TOPICAL TERM (OCLC, RLIN) | |
| Topical term or geographic name as entry element | Macroeconomic Analysis and Policy |
| 690 ## - LOCAL SUBJECT ADDED ENTRY--TOPICAL TERM (OCLC, RLIN) | |
| Topical term or geographic name as entry element | Labour, Migration and Income Distribution |
| 690 ## - LOCAL SUBJECT ADDED ENTRY--TOPICAL TERM (OCLC, RLIN) | |
| Topical term or geographic name as entry element | Regional Development |
| 700 1# - ADDED ENTRY--PERSONAL NAME | |
| Personal name | Jestl, Stefan |
| 700 1# - ADDED ENTRY--PERSONAL NAME | |
| Personal name | Landesmann, Michael |
| 700 1# - ADDED ENTRY--PERSONAL NAME | |
| Personal name | Leitner, Sebastian |
| 700 1# - ADDED ENTRY--PERSONAL NAME | |
| Personal name | Römisch, Roman |
| 700 1# - ADDED ENTRY--PERSONAL NAME | |
| Personal name | Stehrer, Robert |
| 9 (RLIN) | 5 |
| 700 1# - ADDED ENTRY--PERSONAL NAME | |
| Personal name | Vidovic, Hermine |
| 830 #0 - SERIES ADDED ENTRY--UNIFORM TITLE | |
| Volume/sequential designation | 21 |
| Bibliographic record control number | WIIW0000108 |
| Title of a work | wiiw Research Reports in German Language |
| 856 40 - ELECTRONIC LOCATION AND ACCESS | |
| Uniform Resource Identifier | <a href="https://wiiw.ac.at/p-6348.html">https://wiiw.ac.at/p-6348.html</a> |
| 942 ## - ADDED ENTRY ELEMENTS (KOHA) | |
| Koha item type | Paper |
| Withdrawn status | Lost status | Damaged status | Not for loan | Home library | Current library | Shelving location | Date acquired | Inventory number | Total Checkouts | Barcode | Date last seen | Price effective from | Koha item type |
|---|---|---|---|---|---|---|---|---|---|---|---|---|---|
| WIIW | WIIW | Library | 09/27/2022 | pwiiw6348 | 1000010006348 | 09/27/2022 | 09/27/2022 | Paper |
